|
|
|
|
| LEADER |
00000nam0a2200000 4500 |
| 001 |
336395 |
| 005 |
20231102004841.0 |
| 035 |
|
|
|a (RuTPU)RU\TPU\book\362811
|
| 090 |
|
|
|a 336395
|
| 100 |
|
|
|a 20171013d1964 m y0rusy50 ca
|
| 101 |
0 |
|
|a rus
|
| 102 |
|
|
|a RU
|
| 105 |
|
|
|a a z 001zy
|
| 200 |
1 |
|
|a Скрытые электропроводки
|f Б. П. Рябикин
|
| 205 |
|
|
|a 2-е изд., перераб. и доп.
|
| 210 |
|
|
|a Москва
|a Ленинград
|c Энергия
|d 1964
|
| 215 |
|
|
|a 64 с.
|c ил.
|
| 225 |
1 |
|
|a Библиотека электромонтера
|v Вып. 122
|
| 320 |
|
|
|a Библиогр.: с. 63
|
| 606 |
1 |
|
|a Электропроводка скрытая
|2 stltpush
|3 (RuTPU)RU\TPU\subj\20730
|9 45814
|
| 610 |
1 |
|
|a применение
|
| 610 |
1 |
|
|a монтаж
|
| 610 |
1 |
|
|a техническая документация
|
| 610 |
1 |
|
|a провода
|
| 610 |
1 |
|
|a сечение
|
| 610 |
1 |
|
|a стальные трубы
|
| 610 |
1 |
|
|a стеклянные трубы
|
| 610 |
1 |
|
|a гибкие бумажно-металлические трубы
|
| 610 |
1 |
|
|a резино-битумные трубы
|
| 610 |
1 |
|
|a плоские провода
|
| 610 |
1 |
|
|a скрытая прокладка
|
| 675 |
|
|
|a 621.315.3
|v 4
|
| 700 |
|
1 |
|a Рябикин
|b Б. П.
|g Борис Павлович
|
| 801 |
|
1 |
|a RU
|b 63413507
|c 20171013
|
| 801 |
|
2 |
|a RU
|b 63413507
|c 20201112
|g RCR
|
| 942 |
|
|
|c BK
|